00384nam a2200133Ia 4500008004100000041001200041082001600053100002300069245008000092260003700172300000800209650001500217700001800232221030s9999 xx 000 0 und d aEnglish a105.23bBha aS. K. H. Choudhary 0aElements of Workshop Technology Vol !cby S. K. H. Choudhary, V. M. Panchal bMedia PromotersaNew Delhic1999 a472 aMechanical aV. M. Panchal